<?xml version="1.0" encoding="UTF-8"?>
<record
    xmlns:xsi="http://www.w3.org/2001/XMLSchema-instance"
    xsi:schemaLocation="http://www.loc.gov/MARC21/slim http://www.loc.gov/standards/marcxml/schema/MARC21slim.xsd"
    xmlns="http://www.loc.gov/MARC21/slim">

  <leader>01501nam a2200289Ia 4500</leader>
  <controlfield tag="001">2142</controlfield>
  <controlfield tag="008">230305s1999    xx            000 0 und d</controlfield>
  <datafield tag="020" ind1=" " ind2=" ">
    <subfield code="a">8436027577089</subfield>
  </datafield>
  <datafield tag="043" ind1=" " ind2=" ">
    <subfield code="a">en_UK</subfield>
  </datafield>
  <datafield tag="041" ind1=" " ind2=" ">
    <subfield code="a">spa</subfield>
  </datafield>
  <datafield tag="245" ind1=" " ind2="0">
    <subfield code="a">Todo sobre mi madre</subfield>
  </datafield>
  <datafield tag="260" ind1=" " ind2=" ">
    <subfield code="a"></subfield>
    <subfield code="b">Cameo,</subfield>
    <subfield code="c">1999</subfield>
  </datafield>
  <datafield tag="300" ind1=" " ind2=" ">
    <subfield code="a">1 disco DVD</subfield>
  </datafield>
  <datafield tag="505" ind1=" " ind2=" ">
    <subfield code="a">Extras: ficha art&#xED;stica y ficha t&#xE9;cnica.</subfield>
  </datafield>
  <datafield tag="520" ind1=" " ind2=" ">
    <subfield code="a">La noche que un coche atropell&#xF3; a su hijo Esteban, Manuela llor&#xF3; hasta quedar totalmente seca. Y lejos de ver con claridad, el presente y el futuro se confunden en la misma oscuridad. Esa misma noche, mientras espera en el hospital, lee las &#xFA;ltimas l&#xED;neas que su hijo ha escrito en un block de notas del que nunca se separa. 'Esta ma&#xF1;ana busqu&#xE9; en la habitaci&#xF3;n de mi madre hasta encontrar un fajo de fotos. A todas les faltaba la mitad. Mi padre, supongo. Tengo la impresi&#xF3;n de que a mi vida le falta ese mismo trozo. Quiero conocerle, no me importa qui&#xE9;n sea, ni c&#xF3;mo se haya portado con mam&#xE1;. Nadie puede quitarme ese derecho...'.</subfield>
  </datafield>
  <datafield tag="590" ind1=" " ind2=" ">
    <subfield code="b">Idiomas disponibles: ingl&#xE9;s, castellano y alem&#xE1;n. Subt&#xED;tulos disponibles en castellano para sordos</subfield>
  </datafield>
  <datafield tag="650" ind1=" " ind2="0">
    <subfield code="a">Feature films</subfield>
    <subfield code="9">26078</subfield>
  </datafield>
  <datafield tag="700" ind1=" " ind2=" ">
    <subfield code="a">Almod&#xF3;var, Pedro,</subfield>
    <subfield code="e">Author</subfield>
    <subfield code="9">21803</subfield>
  </datafield>
  <datafield tag="856" ind1=" " ind2=" ">
    <subfield code="u">https://www.imdb.com/title/tt0185125/?ref_=fn_al_tt_1</subfield>
  </datafield>
  <datafield tag="902" ind1=" " ind2=" ">
    <subfield code="a">178</subfield>
  </datafield>
  <datafield tag="905" ind1=" " ind2=" ">
    <subfield code="a">m</subfield>
  </datafield>
  <datafield tag="911" ind1=" " ind2=" ">
    <subfield code="a">https://biblioteca.tbs-education.es/portadas/8436027577089.jpg</subfield>
  </datafield>
  <datafield tag="912" ind1=" " ind2=" ">
    <subfield code="a">1999-01-01</subfield>
  </datafield>
  <datafield tag="942" ind1=" " ind2=" ">
    <subfield code="a">1</subfield>
  </datafield>
  <datafield tag="952" ind1=" " ind2=" ">
    <subfield code="0">0</subfield>
    <subfield code="1">0</subfield>
    <subfield code="4">0</subfield>
    <subfield code="7">0</subfield>
    <subfield code="a">TBS</subfield>
    <subfield code="b">TBS</subfield>
    <subfield code="c">26</subfield>
    <subfield code="d">2018-04-26</subfield>
    <subfield code="l">0</subfield>
    <subfield code="o">DVD ALM</subfield>
    <subfield code="p">DVD ALM (Tod)-1</subfield>
    <subfield code="r">2018-04-26</subfield>
    <subfield code="w">2023-03-05</subfield>
    <subfield code="y">1</subfield>
  </datafield>
  <datafield tag="953" ind1=" " ind2=" ">
    <subfield code="d">2018-04-26 14:56:08</subfield>
  </datafield>
  <datafield tag="999" ind1=" " ind2=" ">
    <subfield code="c">2082</subfield>
    <subfield code="d">2082</subfield>
  </datafield>
</record>
